Incoterms - Statistics

General Stats
  • This quiz has been taken 72 times
  • The average score is 7 of 7
Answer Stats
Question Answer % Correct
Ex Works EXW
100%
Free Carrier FCA
100%
Cost Paid To CPT
95%
Delivered at Place DAP
95%
Delivered Duty Paid DDP
95%
Delivered at Place Unloaded DPU
93%
Carrier & Insurance Paid To CIP
83%
No matching quizzes found
Score Distribution
Percent of People with Each Score
Percentile by Number Answered
Your Score History
You have not taken this quiz